<?xml version="1.0" encoding="UTF-8"?><?xml-stylesheet type="text/xsl" href="static/style.xsl"?><OAI-PMH xmlns="http://www.openarchives.org/OAI/2.0/" xmlns:xsi="http://www.w3.org/2001/XMLSchema-instance" xsi:schemaLocation="http://www.openarchives.org/OAI/2.0/ http://www.openarchives.org/OAI/2.0/OAI-PMH.xsd"><responseDate>2026-04-17T10:16:11Z</responseDate><request verb="GetRecord" identifier="oai:www.recercat.cat:2072/473113" metadataPrefix="marc">https://recercat.cat/oai/request</request><GetRecord><record><header><identifier>oai:recercat.cat:2072/473113</identifier><datestamp>2024-11-04T07:10:26Z</datestamp><setSpec>com_2072_98</setSpec><setSpec>col_2072_378192</setSpec></header><metadata><record xmlns="http://www.loc.gov/MARC21/slim" xmlns:dcterms="http://purl.org/dc/terms/" xmlns:xsi="http://www.w3.org/2001/XMLSchema-instance" xmlns:doc="http://www.lyncode.com/xoai" xsi:schemaLocation="http://www.loc.gov/MARC21/slim http://www.loc.gov/standards/marcxml/schema/MARC21slim.xsd">
   <leader>00925njm 22002777a 4500</leader>
   <datafield ind2=" " ind1=" " tag="042">
      <subfield code="a">dc</subfield>
   </datafield>
   <datafield ind2=" " ind1=" " tag="720">
      <subfield code="a">Royo Pérez, Vicent</subfield>
      <subfield code="e">author</subfield>
   </datafield>
   <datafield ind2=" " ind1=" " tag="260">
      <subfield code="c">2020</subfield>
   </datafield>
   <datafield ind2=" " ind1=" " tag="520">
      <subfield code="a">En este artículo, se pretende analizar la gestión de los espacios comunales en las comarcas de Els Ports, El Maestrat y L'Alcalatén, en el norte del reino de Valencia. Desde el siglo xiv, los concejos de la región asumen la dirección de los bienes comunales y desarrollan una compleja normativa que regula su uso. Esta legislación se contiene en los llibres d'establiments y es fruto del consenso alcanzado entre las instancias de poder presentes en el ámbito local. Nuestra intención es estudiar estas fuentes con el fin de conocer el régimen de aprovechamiento de los espacios comunales que implantan las villas y las comunidades rurales, un sistema que intenta preservar los derechos colectivos frente a los intereses particulares.</subfield>
   </datafield>
   <datafield ind2=" " ind1=" " tag="520">
      <subfield code="a">In this article, we try to analyse the management of communal areas in Els Ports, El Maestrat and L'Alcalatén region, in the north of the Kingdom of Valencia. From 14th Century, councils of the region took over the management of the communal lands and developed a series of rules aimed at regulating the use. These laws were contained in the llibre d'establiments and were result of consensus achieved between the different powers existing in the local area. Our aim is to study these sources with the purpose of knowing how towns and rural communities were administering communal areas, with a system intended to keep the communal rights above private interests.</subfield>
   </datafield>
   <datafield ind1="8" ind2=" " tag="024">
      <subfield code="a">http://hdl.handle.net/2072/473113</subfield>
   </datafield>
   <datafield tag="653" ind2=" " ind1=" ">
      <subfield code="a">Ganadería</subfield>
   </datafield>
   <datafield tag="653" ind2=" " ind1=" ">
      <subfield code="a">Espacios Comunales</subfield>
   </datafield>
   <datafield tag="653" ind2=" " ind1=" ">
      <subfield code="a">Comunidad rural</subfield>
   </datafield>
   <datafield tag="653" ind2=" " ind1=" ">
      <subfield code="a">Reino de Valencia</subfield>
   </datafield>
   <datafield tag="653" ind2=" " ind1=" ">
      <subfield code="a">Edad Media</subfield>
   </datafield>
   <datafield tag="653" ind2=" " ind1=" ">
      <subfield code="a">Rural community</subfield>
   </datafield>
   <datafield tag="653" ind2=" " ind1=" ">
      <subfield code="a">Communal areas</subfield>
   </datafield>
   <datafield tag="653" ind2=" " ind1=" ">
      <subfield code="a">Llibres d'establiments</subfield>
   </datafield>
   <datafield tag="653" ind2=" " ind1=" ">
      <subfield code="a">Kingdom of Valencia</subfield>
   </datafield>
   <datafield tag="653" ind2=" " ind1=" ">
      <subfield code="a">13th-16th Centuries</subfield>
   </datafield>
   <datafield ind2="0" ind1="0" tag="245">
      <subfield code="a">Los espacios comunales en las montañas septentrionales del reino de Valencia (siglos XIII-XVI)</subfield>
   </datafield>
</record></metadata></record></GetRecord></OAI-PMH>